Families in Europe : a private and political stake - intimacy and solidarity.

La familia en Europa : el enjuego privado y político - la intimidad y la solidaridad\\Bajo el efecto de la individualización, de la privatización y de la multiplicación de modelos familiares, la familia ha cambiado en Europa occidental y si está puesta en evidencia como valor, su estructura, tal com...

Full description

Bibliographic Details
Main Author: Bawin-Legros, Bernadette
Format: Libro
Language:English
Published: Sage Publications 2001
Subjects:

MARC

LEADER 00000cam a2200000 a 4500
001 029986
003 UAHC_CL
005 20170803123141.0
008 020726b xx j 000 1 eng
040 |a UAHC_CL  |c UAHC_CL  |d UAHC_CL 
100 1 |a Bawin-Legros, Bernadette 
245 1 0 |a Families in Europe : a private and political stake - intimacy and solidarity. 
260 |b Sage Publications  |c 2001 
500 |a En : Current Sociology, n¼5, september 2001 
520 |a La familia en Europa : el enjuego privado y político - la intimidad y la solidaridad\\Bajo el efecto de la individualización, de la privatización y de la multiplicación de modelos familiares, la familia ha cambiado en Europa occidental y si está puesta en evidencia como valor, su estructura, tal como la definió Parsons, se ha modificado completamente. Todos los estudios europeos ponen la fidelidad como factor de cohesion de la pareja. La familia al nivel de dos funciones fundamentales que son la intimidad y la solidaridad. el reglamento de la intimidad queda el enjuego del estado al igual que la solidaridad entre generaciones, que cada vez está más sometida a las políticas públicas. Consecuencia a la crisis de los estados providencias y sobretodo al alargamiento de la vida en el mundo occidental, las solidaridades intergeneracionales van reemplazando el sostenimiento del estado y la intimidad tal como la definición de la pareja, la adopción, el cargo de los padrastros está aún guiada por el estado. Los datos provenientes de una larga encuesta belga lo demuestran. 
650 4 |a FAMILIA  |z EUROPA 
900 |a CURRENT SOCIOLOGY-5/01 
942 |c BK 
999 |c 29986  |d 29986